Sports Quiz

Random Sports or World Quiz

Athletic World Record Holders Quiz Stats

Quiz not verified by Sporcle

Challenge
Share
Tweet
Embed
Score 0/46 Timer 10:00
0 Plays Today
Event Runner % Correct
100 mUsain Bolt
100%
200 mUsain Bolt
100%
400 mMichael Johnson
86.3%
4x100 m Relay Jamaica
64.5%
Triple JumpJonathan Edwards
51.6%
4x200 m RelayUnited States
50.8%
4x400 m RelayUnited States
50.8%
800 mWilson Kipketer
49.2%
4x800 m RelayKenya
49.2%
4x1500 m RelayKenya
49.2%
5000 mKenenesa Bekele
47.6%
10000 m (track)Kenenesa Bekele
47.6%
Pole VaultSergey Bubka
44.4%
1500 mHicham El Guerrouj
37.9%
MileHicham El Guerrouj
37.9%
2000 mHicham El Guerrouj
37.9%
20000 m (track)Haile Gebrselassie
37.1%
Long JumpMike Powell
36.3%
30000 m (road)Haile Gebrselassie
35.5%
110 m HurdlesDayron Robles
34.7%
High JumpJavier Sotomayor
31.5%
DecathlonRoman Sebrle
19.4%
400 m HurdlesKevin Young
17.7%
Event Runner % Correct
1000 mNoah Ngeny
15.3%
3000 m Daniel Komen
14.5%
Shot PutRandy Barnes
14.5%
30000 m SteeplechaseSaif Saaeed Shaheen
12.1%
MarathonHaile Gebrselassie
9.7%
Discus ThrowJürgen Schult
9.7%
20000 m (road)Samuel Wanjiru
6.5%
Half MarathonSamuel Wanjiru
6.5%
Hammer ThrowYuriy Sedykh
4.8%
Javelin (Old Design)Uwe Hohn
4.8%
Hour RunHaile Gabrselassie
3.2%
25000 m (track)Toshihiko Seko
2.4%
30000 m (track)Toshihiko Seko
2.4%
10000 m (road)Micah Kogo
1.6%
20000 m Walk (road) Vladimir Kanaykin
1.6%
30000 m Walk Maurizio Damilano
1.6%
15000 m (road) Felix Lomo
0.8%
25000 mPaul Malakwen Kosgei
0.8%
100000 mTakahiro Sunada
0.8%
Javelin (Current Design)Jan Železný, Jan Zelezny, Zelezny
0.8%
20000 m Walk (track)Bernardo Seguro
0.8%
50000 m Walk (track)Thierry Toutain
0.8%
50000 m Walk (road)Denis Nezhegorodov
0.8%

You're not logged in!

Compare scores with friends on all Sporcle quizzes.
Sign Up with Email
OR
Log In

You Might Also Like...

Show Comments

Extras

Top Quizzes Today


Score Distribution

Your Account Isn't Verified!

In order to create a playlist on Sporcle, you need to verify the email address you used during registration. Go to your Sporcle Settings to finish the process.

Report this User

Report this user for behavior that violates our Community Guidelines.

Details: